000 00597cam a2200193 a 4500
008 040607s2003 mx 000 0 spa u
020 _a9686255885
035 _aa437603
050 0 0 _aHF3250 .G8
_bO48 2003
100 1 _aOlveda, Jaime
245 1 3 _aEl comercio entre Guadalajara y Panamá /
_cJaime Olveda.
250 _a1a ed.
260 _aMéxico :
_bEl Colegio de Jalisco :
_bSRE
300 _a92 p. :
_bil. ;
_c17 cm.
651 4 _aGuadalajara, Jalisco
_xComercio
_zPanamá
_xHistoria
651 4 _aPanamá
_xComercio
_zGuadalajara, Jalisco
_xHistoria
600 _a
942 _2lcc
_cLIB
999 _c67102
_d67102